THE CONCAVE INTEGRAL WITH RESPECT TO RIESZ SPACE-VALUED CAPACITIES

Bibliographic Details
Main Authors: Boccuto, Antonio (Author), Riečan, Beloslav, 1936-2018 (Author)
Format: Article
Language:English

MARC

LEADER 00000nab a2200000uu 4500
001 vtls011451371
003 SK-MaSNL
005 20260303153937.0
008 230222|2009 xo |||||||||||||||||eng|
015 |a SNBRB 
035 |a (urnnbn)urn:nbn:sk:snk:ar-006l7d 
035 |a (uuid)599a1a1b-fa0f-40df-8ee8-9dee9884f4ac 
035 |a urn:nbn:sk:snk-abcnci 
040 |a SNKBUCL  |b slo  |c SNKBUCL  |e AACR2 
041 0 |a eng 
044 |a xo  |c SK 
100 1 |a Boccuto, Antonio  |4 aut  |9 779722 
245 1 0 |a THE CONCAVE INTEGRAL WITH RESPECT TO RIESZ SPACE-VALUED CAPACITIES  |c Antonio Boccuto, Beloslav Riečan 
700 1 |a Riečan, Beloslav,  |d 1936-2018  |4 aut  |9 222087 
773 0 |t Mathematica Slovaca  |g Roč. 59, č. 6 (2009), s. [647]-660 
958 |a OND 
958 |a EUIPO 
958 |a article16 
999 |c 2030921  |d 2032851